Theory of Plasticity (Record no. 544288)

000 -LEADER
fixed length control field 00589cam a22001812 b4500
020 ## - INTERNATIONAL STANDARD BOOK NUMBER
International Standard Book Number 0750666382 (Trade Paper)
020 ## - INTERNATIONAL STANDARD BOOK NUMBER
International Standard Book Number 9780750666381
082 00 - DEWEY DECIMAL CLASSIFICATION NUMBER
Classification number 531.38
Author Mark CHA
-- N-01, P-103
100 1# - MAIN ENTRY--PERSONAL NAME
Personal name Chakrabarty, Jagabanduhu
9 (RLIN) 39879
245 10 - TITLE STATEMENT
Title Theory of Plasticity
250 ## - EDITION STATEMENT
Edition statement 2nd ed.
260 ## - PUBLICATION, DISTRIBUTION, ETC.
Name of publisher, distributor, etc. Butterworth-Heinemann [Imprint]
Date of publication, distribution, etc. April 2006
Place of publication, distribution, etc. San Diego :
Name of publisher, distributor, etc. Elsevier Science & Technology Books
520 8# - SUMMARY, ETC.
Summary, etc. Annotation
526 ## - STUDY PROGRAM INFORMATION NOTE
Program name 0
Interest level 0
Reading level 0
Title point value 531_380000000000000_CHA
650 ## - SUBJECT ADDED ENTRY--TOPICAL TERM
Topical term or geographic name entry element NUST
9 (RLIN) 6342
856 40 - ELECTRONIC LOCATION AND ACCESS
Uniform Resource Identifier <a href="http://www.columbia.edu/cgi-bin/cul/resolve?clio10563818">http://www.columbia.edu/cgi-bin/cul/resolve?clio10563818</a>
942 ## - ADDED ENTRY ELEMENTS (KOHA)
Source of classification or shelving scheme
Koha item type Book
Holdings
Withdrawn status Lost status Source of classification or shelving scheme Damaged status Not for loan Permanent Location Current Location Date acquired Total Checkouts Full call number Barcode Date last seen Price effective from Koha item type
          Military College of Engineering (MCE) Military College of Engineering (MCE) 04/16/2014   531.38 CHA MCE-37192 04/16/2014 04/16/2014 Book
© 2023 Central Library, National University of Sciences and Technology. All Rights Reserved.